Las guerras de Dios: una nueva historia de las cruzadas
Saved in:
| Hovedforfatter: | |
|---|---|
| Format: | Bog |
| Sprog: | spansk |
| Udgivet: |
Barcelona
Crítica
2007
|
| Udgivelse: | 2a. ed |
| Serier: | Mayor
|
| Fag: | |
| Tags: |
Tilføj Tag
Ingen Tags, Vær først til at tagge denne postø!
|
MARC
| LEADER | 00000nam a2200000 a 4500 | ||
|---|---|---|---|
| 001 | UCG2328 | ||
| 003 | CL-VaPUC | ||
| 008 | 100708e20070000SP |||||||||||||||||spa|d | ||
| 020 | |a 9788484329213 | ||
| 082 | 0 | 4 | |a 940 |b TYE |2 21 |
| 100 | 0 | |a Tyerman, Christopher |e author |9 550793 | |
| 245 | 1 | 4 | |a Las guerras de Dios: una nueva historia de las cruzadas |
| 250 | |a 2a. ed | ||
| 300 | |a 1344 p | ||
| 942 | |c BK | ||
| 945 | |d 20100708 00:00:00 |a cmena | ||
| 260 | |a Barcelona |b Crítica |c 2007 | ||
| 650 | 0 | |a Cruzadas |9 319513 | |
| 650 | 7 | |a EVANGELIZACION |2 CL-VaPUC |9 550794 | |
| 650 | 0 | |a Historia de la iglesia |9 257565 | |
| 650 | 0 | |a Edad media |9 258041 | |
| 650 | 0 | |a Guerras |9 255273 | |
| 583 | |a last modification |c 20100708 00:00:00 |k Rodrigo Vera | ||
| 490 | 0 | |a Mayor | |
| 999 | |c 341544 |d 341542 | ||
| 952 | |0 0 |1 0 |4 0 |6 940_000000000000000_TYE_2007 |7 0 |8 C |9 437136 |a BIBCUR |b BIBCUR |d 2019-11-22 |i 466938K |l 1 |o 940 TYE 2007 |p 466938K |r 2025-04-22 |s 2023-11-06 |w 2019-11-22 |y BK |k CAC | ||